02696cam a2200385 45000010008000000030009000080050017000170080041000340100017000750150021000920200022001130400028001350430012001630500018001750820019001932450246002122600043004583000050005013500026005515000074005775000051006515000214007025000051009165040041009675050931010086510056019396510060019957000029020557000050020847000027021347100026021617100026021877400056022137400041022691245377BDDh-ASL20231015030117.0710223m19701983enkbh b 001 0 eng  a 72129254  aB70-17210 (v. 1) a0115800166 (v. 1) aDLCcDLCdDLCbBDDh-ASL aa-ii---00aDS480.83b.T700a327.4205bCON 04aConstitutional Relations Between Britain and India: The Transfer of power 1942-7, Vol.-5, The Simla Conference (Background and Proceedings), 1 September 1944-28 July 1945 /ceditor-in-chief Nicholas Mansergh, assistant editor E. W. R. Lumby. aLondon: bH.M.S.O.,c1970-1983.c1974. av-5, 1295 p. : bfacsims., col. maps.c28 cm. a£7/-/- (v. 1) varies aAt head of title: Constitutional relations between Britain and India. aOn spine: India; the transfer of power 1942-7. aUnpublished documents drawn either from the official archives of the India Office in the custody of the India Office Records or from the private collections of the Viceregal papers in the India Office Library. aBeginning with v. 5, assistant editor P. Moon. aIncludes bibliographical references.0 av. 1. The Cripps Mission, January-April 1942.--v. 2. Quit India, 30 April-21 September 1942.--v. 3. Reassertion of authority, Gandhi's fast, and the succession to the Viceroyalty, 21 September 1942-12 June 1943.--v. 4. The Bengal famine and the new Viceroyalty, 15 June 1943-31 August 1944.--v. 5. The Simla Conference, background and proceedings, 1 September 1944-28 July 1945.--v. 6. The post-war phase: new moves by the Labour Government, 1 August 1945-22 March 1946.--v. 7. The cabinet mission, 23 March-29 June 1946.--v. 8. The interim government, 3 July-1 November 1946.--v. 9. The fixing of a time limit, 4 November 1946-22 March 1947.--v. 10. The Mountbatten Viceroyalty, the formation of a plan, 22 March-30 May 1947.--v. 11. The Mountbatten Viceroyalty announcement and reception of the 3 June plan 31 May-7 July 1947.--v. 12. The Mountbatten Viceroyalty, princes, partition, and independence, 8 July-15 August 1947. 0aIndiaxPolitics and governmenty1919-1947xSources. 0aIndiaxHistoryyBritish occupation, 1765-1947xSources.1 aMansergh, Nicholas,eed.1 aLumby, E. W. R.q(Esmond Walter Rawson),eed.1 aMoon, Penderel,d1905-2 aIndia Office Records.2 aIndia Office Library. aConstitutional relations between Britain and India. aIndia; the transfer of power 1942-7.